| 000 | 01495nam0a2200289 i 4500 | ||
|---|---|---|---|
| 001 | RU\NLR\BIBL_A\010260614 | ||
| 005 | 20260405160739.0 | ||
| 021 |
_aRU _b2014-3859 _9232 |
||
| 035 | _a(NILC)RuMoRGB-006731938 | ||
| 035 | _a(NLR Aleph) 010260614 | ||
| 090 |
_a10457051 _c10457051 |
||
| 100 | _a20140320d2013 um y0rusy50 ca | ||
| 101 | 0 | _arus | |
| 102 | _aRU | ||
| 105 | _aa|||j|||000yy | ||
| 200 | 1 |
_aИнновационный менеджмент _eкурс лекций _eучебное пособие для студентов очной и заочной форм обучения направления 080200 "Менеджмент" _fЕ.С. Беляева _gМ-во образования и науки Рос. Федерации, Рубцов. индустр. ин-т (фил.) ФГБОУ ВПО "Алт. гос. техн. ун-т им. И.И. Ползунова" |
|
| 210 |
_aРубцовск _c[б. и.] _d2013 |
||
| 215 |
_a95 с. _cил. _d21 |
||
| 320 | _aБиблиогр.: с. 95 (18 назв.) | ||
| 606 |
_aМенеджмент инновационный _jУчебные издания для высших учебных заведений _92086651 _3RU\NLR\AUTH\661262795 |
||
| 686 | 1 | _aУ9(2)-55-21я73 | |
| 700 | 1 |
_7ca _8rus _aБеляева _bЕ. С. _cканд. экон. наук _gЕвгения Сергеевна _950269 _3RU\NLR\AUTH\7767341 |
|
| 801 | 0 |
_aRU _bРГБ _c20140204 _gRCR |
|
| 942 | _cBOOK | ||
| 980 | _aNBR | ||